00856nam a22002054aa4500003000800000005001700008008004100025040003000066041000800096044000700104082001700111100003900128245014900167260002700316300003200343500003600375502018000411650002700591700003200618BOFEUTO20260512115537.0 t2025 bo gr 000 f spa d 6BOFEUTOaBOFEUTOcBOFEUTO aspa abo aTE6290bF628 aFlores Rojas, Lorena Nicoleeautor aResponsabilidad social Empresarial para la Empresa Comercializadora Maximeatal de la Comunidad de Vichuoma .cLorena Nicole Flores Rojas ; autor aOruro :bs/n ;c2025 . a211 hojas :bgráf, tab. ; aIncluye bibliografía, anexos. aTesis Dirigida, (Licenciatura) -- Universidad Técnica de Oruro, Facultad de Ciencias Económicas, Financieras y Administrativas, Carrera Administración de Empresas, 2025. aResponsabilidad Social aRojas Paredes, Claraetutor